000 01087nam a2200337 a 4500
003 AR-BaBNM
005 20251128210332.0
008 082120s2002 ||||||||||||||000 | spa||
020 _a84-7506-443-4
040 _cAR-BaBNM
100 1 _aQuevedo y Villegas, Francisco de
245 0 0 _aObras completas de Francisco de Quevedo
_bpoesía completa. 1 ; Poemas metafísicos ; Heráclito cristiano ; Poemas morales ; Poemas religiosos ; Poemas líricos ; Elogios, epitafios, túmulos ; Poemas amorosos ; Canta sola a Lisi
260 _aMadrid
_bTurner Libros
_c1995
300 _axxiv, 573 p.
490 0 _aBiblioteca Castro
_vv. 25
650 4 _aLITERATURA RELIGIOSA
650 4 _aLITERATURA ESPAÑOLA
650 4 _aPOESIA ESPAÑOLA
650 4 _aFILOSOFIA LITERARIA
650 4 _aSIGLO DIECISIETE
650 4 _aSATIRA
651 4 _aEspaña
653 _aSONETO
653 _aLETRILLAS
653 _aBURLERIAS
655 _aLITERATURA
700 1 _aBlecua, José Manuel
_eprologuista
800 1 _aArroyo Stephens, Manuel
_eeditor
942 _cBK
998 _cMARTIN
999 _c15016
_d15016